[Event "Turkey IS Bank Super League 2017"]
[Site "Darica-Kocaeli"]
[Date "2017.07.27"]
[Round "2.8"]
[White "Incecik, Seyma Zeynep"]
[Black "Onur, Cigdem"]
[Result "1-0"]
[WhiteElo "1804"]
[BlackElo "1699"]
[Annotator "NA"]
[PlyCount "117"]
[EventType "team-tourn"]
[EventCountry "TUR"]
[SourceTitle "playchess.com"]
[Source "ChessBase"]
[SourceQuality "1"]
[TimeControl "40/5400+30:1800+30"]

1. b3 {[%emt 0:00:30]} Nf6 {[%emt 0:01:00]} 2. Bb2 {[%emt 0:00:30]} g6 {[%emt 0:00:30]} 3. c4 {[%emt 0:00:30]} Bg7 {[%emt 0:00:30]} 4. Nf3 {[%emt 0:00:30]} O-O {[%emt 0:00:30]} 5. e3 {[%emt 0:02:30]} c5 {[%emt 0:01:30]} 6. Be2 {[%emt 0:02:30]} Nc6 {[%emt 0:00:30]} 7. O-O $11 {[%emt 0:01:30]} d5 {[%emt 0:04:30]} 8. d4 {[%emt 0:11:30] [%clk 1:14]} Ne4 {[%emt 0:14:30]} 9. Nbd2 {[%emt 0:17:30]} e6 {[%emt 0:15:30]} 10. Rc1 {[%emt 0:15:30]} Re8 {[%emt 0:05:30]} 11. Qc2 {[%emt 0:06:30]} Nb4 {[%emt 0:12:30]} 12. Qb1 {[%emt 0:01:30]} Nxd2 {[%emt 0:00:30]} 13. Nxd2 {[%emt 0:00:30]} cxd4 {[%emt 0:03:30]} 14. Bxd4 {[%emt 0:01:30]} Bxd4 {[%emt 0:09:30]} 15. exd4 {[%emt 0:00:30]} Qa5 {[%emt 0:03:30]} 16. a4 {[%emt 0:02:30]} e5 {[%emt 0:05:55]} 17. Nf3 {[%emt 0:16:06]} Bf5 {[%emt 0:05:33]} 18. Qb2 {[%emt 0:01:59]} exd4 {[%emt 0:12:28]} 19. Nxd4 {[%emt 0:00:30]} Nd3 {[%emt 0:00:51]} 20. Qc3 {[%emt 0:05:34]} Qxc3 {[%emt 0:00:30]} 21. Rxc3 {[%emt 0:00:14]} Nf4 {[%emt 0:00:08]} 22. Bf3 {[%emt 0:01:47]} Bd3 {[%emt 0:01:36]} 23. Rd1 {[%emt 0:00:31]} dxc4 {[%emt 0:00:13]} 24. g3 {[%emt 0:03:03]} Nh3+ {[%emt 0:00:42]} 25. Kg2 {[%emt 0:00:19]} Ng5 {[%emt 0:00:11]} 26. Bxb7 {[%emt 0:01:15]} Rad8 {[%emt 0:00:42]} 27. bxc4 {[%emt 0:01:42]} Be4+ {[%emt 0:00:37]} 28. Bxe4 {[%emt 0:00:30]} Nxe4 {[%emt 0:00:22]} 29. Re3 {[%emt 0:00:55]} Nc5 {[%emt 0:00:30]} 30. Nc6 {[%emt 0:02:02]} Rxd1 {[%emt 0:00:30]} 31. Rxe8+ {[%emt 0:00:30]} Kg7 {[%emt 0:00:03]} 32. Re7 {[%emt 0:01:00]} Rd6 {[%emt 0:00:48]} 33. Nxa7 {[%emt 0:00:37]} Nxa4 {[%emt 0:00:14]} 34. Rc7 {[%emt 0:00:56]} Kf6 {[%emt 0:01:24]} 35. c5 {[%emt 0:00:24]} Rd8 {[%emt 0:00:03]} 36. Nb5 {[%emt 0:00:59]} Rd5 {[%emt 0:00:36]} 37. Nd6 {[%emt 0:00:58]} Ke6 {[%emt 0:00:31]} 38. Nxf7 {[%emt 0:00:42]} Nxc5 {[%emt 0:00:25]} 39. h4 {[%emt 0:00:26]} Nd7 {[%emt 0:00:30]} 40. Ng5+ {[%emt 0:00:30]} Kd6 {[%emt 0:00:08]} 41. Ra7 {[%emt 0:03:01]} h5 {[%emt 0:17:29]} 42. Ra6+ {[%emt 0:00:30]} Ke5 {[%emt 0:01:18]} 43. Rxg6 {[%emt 0:01:30]} Nf6 {[%emt 0:01:25]} 44. Nh3 {[%emt 0:02:30]} Kf5 {[%emt 0:08:32]} 45. Rh6 {[%emt 0:01:30]} Rd2 {[%emt 0:01:25]} 46. Nf4 {[%emt 0:01:30]} Rxf2+ {[%emt 0:00:43]} 47. Kxf2 {[%emt 0:00:30]} Ng4+ {[%emt 0:00:06]} 48. Kf3 {[%emt 0:00:00]} Nxh6 {[%emt 0:00:30]} 49. Nxh5 {[%emt 0:00:00]} Kg6 {[%emt 0:02:16]} 50. g4 {[%emt 0:01:30]} Ng8 {[%emt 0:01:31]} 51. Ke4 {[%emt 0:01:30]} Ne7 {[%emt 0:00:32]} 52. Nf4+ {[%emt 0:00:30]} Kg7 {[%emt 0:00:32]} 53. g5 {[%emt 0:03:31]} Ng8 {[%emt 0:00:37]} 54. h5 {[%emt 0:01:08]} Kh7 {[%emt 0:00:30]} 55. Nd5 {[%emt 0:00:18]} Kg7 {[%emt 0:00:23]} 56. Kf5 {[%emt 0:03:46]} Kh8 {[%emt 0:00:33]} 57. Ke6 {[%emt 0:01:55]} Kg7 {[%emt 0:00:33]} 58. Ne7 {[%emt 0:00:00]} Nh6 {[%emt 0:00:31]} 59. Nf5+ {[%emt 0:00:00]} 1-0

[Event "Turkey IS Bank Super League 2017"]
[Site "Darica-Kocaeli"]
[Date "2017.07.27"]
[Round "2.9"]
[White "Najer, Evgeniy"]
[Black "Kuzubov, Yuriy"]
[Result "1/2-1/2"]
[WhiteElo "2706"]
[BlackElo "2646"]
[Annotator "TA"]
[PlyCount "62"]
[EventType "team-tourn"]
[EventCountry "TUR"]
[SourceTitle "playchess.com"]
[Source "ChessBase"]
[SourceQuality "1"]

{[%evp 23,62,10,24,11,11,0,4,6,17,13,13,8,7,0,14,16,17,0,0,0,0,0,0,0,0,0,0,-12,0,0,0,0,0,0,0,0,0,0,0,0,0]} 1. e4 e5 2. Nf3 Nf6 3. Nxe5 d6 4. Nf3 Nxe4 5. d4 d5 6. Bd3 Nd6 7. O-O Be7 8. Bf4 O-O {C42: Petroff Defence: 3 Nxe5 and unusual White 3rd moves} 9. Nc3 c6 10. Re1 Re8 11. Ne2 Nd7 12. Ng3 Nf8 {LiveBook: 4 Games} 13. Ne5 f6 {The position is equal.} 14. Nf3 {[#]} Ng6 $146 ({Find the theoretical novelty and annotate with similar games:} 14... Be6 15. c3 Qd7 16. Qc2 Bf7 17. Nh4 {½-½ (45) Cheparinov,I (2687)-Gashimov,V (2717) Sochi 2008}) 15. Bd2 Bf8 16. c3 Rxe1+ 17. Nxe1 Ne7 18. Nc2 Be6 19. Qh5 g6 20. Qf3 (20. Qe2 $5 {[%cal Re2e6]} Bd7 21. b3 $11) 20... Nef5 21. Nxf5 (21. Bf4 {is interesting.} Ng7 22. Re1 Bd7 23. Ne3 Nf7 24. Ng4) 21... Bxf5 22. Bxf5 Nxf5 23. Re1 Qd7 24. Ne3 Nxe3 25. Rxe3 Bh6 26. Re2 Bxd2 27. Rxd2 Re8 {[%cal Re8e1] [#]} 28. Re2 Rxe2 29. Qxe2 Kf7 30. g4 Qe6 31. Qxe6+ Kxe6 {Precision: White = 68%, Black = 85%.} 1/2-1/2

[Event "Turkey IS Bank Super League 2017"]
[Site "Darica-Kocaeli"]
[Date "2017.07.27"]
[Round "2.10"]
[White "Mchedlishvili, Mikheil"]
[Black "Korobov, Anton"]
[Result "1/2-1/2"]
[WhiteElo "2602"]
[BlackElo "2668"]
[Annotator "TA"]
[PlyCount "60"]
[EventType "team-tourn"]
[EventCountry "TUR"]
[SourceTitle "playchess.com"]
[Source "ChessBase"]
[SourceQuality "1"]

{[%evp 21,60,22,31,26,18,31,33,0,8,7,12,0,0,1,2,0,0,0,0,0,0,0,0,0,0,0,0,0,0,0,0,0,0,-7,0,0,0,0,0,0,0]} 1. d4 d5 2. c4 c6 3. Nf3 Nf6 4. g3 g6 5. Bg2 Bg7 6. b3 O-O 7. O-O Ne4 8. Bb2 Bf5 9. Nc3 Nd7 {[%cal Bb8d7,Bd7f6,Bf6e4][%mdl 32]} 10. e3 Nxc3 11. Bxc3 Nf6 12. Qe2 {D78: Fianchetto Grünfeld: 6 0-0 c6} Ne4 13. Bb2 a5 14. Rfc1 $146 {White is slightly better.} ({Find the theoretical novelty and annotate with similar games:} 14. Ne5 a4 15. f3 Nd6 16. e4 Be6 17. exd5 cxd5 {0-1 (61) Harika,D (2489)-Vastrukhin,O (2360) Pardubice 2013}) 14... a4 {The position is equal.} 15. cxd5 cxd5 16. Qb5 Qd6 17. bxa4 Bd7 18. Ba3 ({Wrong is} 18. Qxb7 $2 Rfb8 $19) 18... Qxa3 19. Qxd7 Qb2 20. Rf1 e6 21. Rab1 Qxa2 22. Qxb7 Qxa4 23. Rfc1 Qa3 {[#] aiming for ...Nc3.} 24. Qb2 Qxb2 25. Rxb2 Rfb8 26. Rxb8+ Rxb8 27. Ne1 Nd6 28. Nd3 Rc8 29. Rxc8+ Nxc8 30. Bf3 Nd6 {Precision: White = 59%, Black = 82%.} 1/2-1/2

[Event "Turkey IS Bank Super League 2017"]
[Site "Darica-Kocaeli"]
[Date "2017.07.27"]
[Round "2.11"]
[White "Erdogdu, Mert"]
[Black "Kerigan, Demre"]
[Result "1-0"]
[WhiteElo "2445"]
[BlackElo "2354"]
[Annotator "TA"]
[PlyCount "87"]
[EventType "team-tourn"]
[EventCountry "TUR"]
[SourceTitle "playchess.com"]
[Source "ChessBase"]
[SourceQuality "1"]

{[%evp 9,87,0,0,-10,29,-10,15,-16,33,4,27,0,23,0,19,12,20,20,18,0,52,47,58,52,58,53,77,50,77,77,78,78,79,68,75,77,79,56,43,-52,-54,-91,-125,-170,-148,-156,-33,-41,-9,-5,0,0,0,0,0,-17,-20,-24,18,0,116,103,108,0,28,42,209,208,220,217,232,139,180,180,180,161,210,210,210,210]} 1. c4 e5 2. Nc3 Bb4 3. Nd5 Bc5 4. e3 Nf6 5. b4 Be7 (5... Nxd5 6. bxc5 Nf6 7. Nf3 Nc6 8. Be2 O-O 9. Bb2 d6 10. cxd6 cxd6 11. O-O Re8 12. a4 b6 {1-0 (33) Giri,A (2771)-Anand,V (2786) Stavanger 2017}) 6. Bb2 {A21: English Opening: 1...e5 2 Nc3} d6 7. Nf3 O-O $146 ({Predecessor:} 7... Nxd5 8. cxd5 c6 9. Bc4 Nd7 10. Bb3 cxd5 11. Bxd5 O-O 12. O-O Nb6 {½-½ (39) Erdogdu,M (2442)-Baklan,V (2614) Cesme 2016}) 8. Be2 {The position is equal.} Re8 9. O-O Bf8 10. d3 Nbd7 11. Qb3 c6 12. Nc3 Nb6 13. a4 a5 14. b5 $36 {[%mdl 2048] White fights for an advantage.} c5 ({Black should try} 14... d5 $11) 15. Rfd1 Qe7 16. Nd2 Be6 17. Bf3 Rad8 18. Nd5 Bxd5 19. cxd5 g6 20. Bc3 Ra8 21. Qa2 Bg7 22. e4 Rec8 23. Nb3 c4 24. Nxa5 ({White should play} 24. dxc4 $1 $14 Nxc4 25. Rac1) 24... cxd3 $15 25. Bb4 {[#]} Nfxd5 $1 {[%mdl 512]} 26. Qb3 (26. exd5 $2 e4 $19) 26... Nxb4 27. Qxb4 {[#]} Rc5 ({Much weaker is} 27... Rc2 $6 28. Rxd3 Qc7 29. Bd1 $11) ({Better is} 27... Nd5 $1 $17 {[%mdl 512]} 28. Qe1 (28. exd5 $2 e4 $19) 28... Nf4) 28. Rxd3 Bf8 29. Qe1 Qc7 30. Nb3 Rc4 31. a5 Na4 32. a6 bxa6 33. Na5 Rc3 34. Rxc3 (34. b6 $5 Qxb6 35. Rxc3 Qxa5 36. Rca3 Qxe1+ 37. Rxe1 $11) 34... Nxc3 {[#]} (34... Qxc3 $11 {keeps the balance.} 35. Qxc3 Nxc3) 35. b6 $1 $16 {[%cal Rb6c7,Bb5b6,Bb6b7][%mdl 544]} Qc5 (35... Qxb6 36. Qxc3) 36. Qe3 (36. b7 $16 Rb8 37. Be2) 36... Qxe3 37. fxe3 d5 $2 (37... Rb8 $14) 38. Nc6 $18 {White is clearly better.} ({Don't play} 38. exd5 $6 Bc5 $16) 38... Bd6 39. b7 Re8 40. Rc1 ({Much less strong is} 40. Rxa6 $6 dxe4 41. Na5 Bb8 $16) (40. exd5 $18 e4 41. Bg4) 40... dxe4 41. Rxc3 exf3 42. Rd3 Bb8 43. gxf3 Kg7 44. Ra3 {Precision: White = 35%, Black = 25%.} 1-0

[Event "Turkey IS Bank Super League 2017"]
[Site "Darica-Kocaeli"]
[Date "2017.07.27"]
[Round "2.12"]
[White "Sevgi, Volkan"]
[Black "Citak, Selim"]
[Result "1/2-1/2"]
[WhiteElo "2199"]
[BlackElo "2306"]
[Annotator "NA"]
[PlyCount "33"]
[EventType "team-tourn"]
[EventCountry "TUR"]
[SourceTitle "playchess.com"]
[Source "ChessBase"]
[SourceQuality "1"]
[TimeControl "40/5400+30:1800+30"]

1. Nf3 {[%emt 0:00:30]} Nf6 {[%emt 0:01:00]} 2. g3 {[%emt 0:00:30]} c5 {[%emt 0:02:30]} 3. Bg2 {[%emt 0:02:30]} Nc6 {[%emt 0:00:30]} 4. c4 {[%emt 0:01:30]} g6 {[%emt 0:02:30]} 5. O-O {[%emt 0:00:30]} Bg7 {[%emt 0:00:30]} 6. d4 {[%emt 0:00:30]} cxd4 {[%emt 0:00:30]} 7. Nxd4 {[%emt 0:00:30]} O-O {[%emt 0:00:30]} 8. Nc3 {[%emt 0:00:30]} Qa5 {[%emt 0:00:00]} 9. Nc2 {[%emt 0:11:30]} d6 {[%emt 0:01:00]} 10. Nd5 {[%emt 0:03:30]} Nxd5 {[%emt 0:02:30]} 11. cxd5 $11 {[%emt 0:00:00] [%clk 1:11] LiveBook: 24 Games} Ne5 {[%emt 0:02:30]} 12. Bd2 {[%emt 0:03:00]} Qb6 {[%emt 0:00:30]} 13. Bc3 {[%emt 0:00:30]} Bd7 {[%emt 0:03:30]} 14. Bd4 {[%emt 0:01:30]} Qa5 {[%emt 0:02:30]} 15. Bc3 {[%emt 0:05:30]} Qb6 {[%emt 0:01:30]} 16. Bd4 {[%emt 0:00:30]} Qa5 {[%emt 0:00:30]} 17. Bc3 {[%emt 0:08:30]} 1/2-1/2

[Event "Turkey IS Bank Super League 2017"]
[Site "Darica-Kocaeli"]
[Date "2017.07.27"]
[Round "2.13"]
[White "Batsiashvili, Nino"]
[Black "Nomin-Erdene, Davaademberel"]
[Result "1-0"]
[WhiteElo "2475"]
[BlackElo "2373"]
[Annotator "TA"]
[PlyCount "55"]
[EventType "team-tourn"]
[EventCountry "TUR"]
[SourceTitle "playchess.com"]
[Source "ChessBase"]
[SourceQuality "1"]

{[%evp 13,55,-11,10,-23,-10,-4,33,0,43,39,50,0,63,6,62,75,62,72,82,83,186,193,218,239,233,222,214,216,287,308,293,292,427,427,534,503,637,628,650,480,1340,1318,1622,1733]} 1. d4 d5 2. c4 c6 3. Nf3 Nf6 {[%cal Bg8f6,Bf6d5,Bd5c3][%mdl 32]} 4. Nc3 dxc4 5. g3 b5 6. Bg2 e6 7. Ne5 Nd5 8. e4 {E04: Open Catalan: 5 Nf3} Nxc3 9. bxc3 Be7 10. Qg4 {[%mdl 1024] White is slightly better. White has compensation.} (10. a4 $5 {[%cal Ra4b5]} O-O 11. O-O $11) 10... Bf6 $146 ({Find the theoretical novelty and annotate with similar games:} 10... O-O 11. Bh6 Bf6 12. O-O Kh8 13. Be3 Bxe5 14. dxe5 Nd7 15. f4 Qe7 {1-0 (34) Nyzhnyk,I (2620)-Graf,A (2605) Bad Wiessee 2012}) 11. O-O $40 {[%mdl 128] White mounts an attack.} O-O 12. h4 Bb7 ({Black should play} 12... c5 $11) 13. h5 (13. Nf3 $14) 13... Kh8 ({Better is} 13... c5 $11 14. Nf3 Kh8) 14. h6 $14 g6 15. Qf4 {Black must now prevent Ba3.} Kg8 16. Rb1 Ba6 (16... Bc8 $16 {keeps fighting.}) 17. Ng4 $1 $18 {[%cal Rg4f6]} Be7 18. d5 $1 (18. Qe5 f6 $11) 18... f6 19. dxe6 Bc8 {[#]} 20. e5 $1 {[%cal Re5f6]} f5 {[#]} 21. Nf6+ $1 Kh8 22. a4 bxa4 (22... b4 $142 23. cxb4 (23. Qxc4 Ba6 $14) 23... Bxe6) 23. Qxc4 {White is clearly winning.} Qa5 24. Re1 Ba6 25. Qa2 a3 26. Ra1 {[%cal Rc1a3]} Qxc3 (26... Bc8 $142 27. Bf1 a6) 27. Bxa3 Bc4 28. Bxe7 {Precision: White = 75%, Black = 22%.} 1-0

[Event "Turkey IS Bank Super League 2017"]
[Site "Darica-Kocaeli"]
[Date "2017.07.27"]
[Round "2.14"]
[White "Gulden, Egemen"]
[Black "Yurtseven, Melih"]
[Result "0-1"]
[WhiteElo "2044"]
[BlackElo "2353"]
[Annotator "NA"]
[PlyCount "56"]
[EventType "team-tourn"]
[EventCountry "TUR"]
[SourceTitle "playchess.com"]
[Source "ChessBase"]
[SourceQuality "1"]
[TimeControl "40/5400+30:1800+30"]

1. e4 {[%emt 0:00:30]} e6 {[%emt 0:01:00]} 2. Nc3 {[%emt 0:02:30]} d5 {[%emt 0:00:30]} 3. g3 {[%emt 0:01:30]} Nf6 {[%emt 0:01:30]} 4. Bg2 {[%emt 0:01:30]} dxe4 {[%emt 0:00:30]} 5. Nxe4 {[%emt 0:00:30]} Nxe4 {[%emt 0:00:30]} 6. Bxe4 {[%emt 0:00:30]} c5 {[%emt 0:00:30]} 7. d3 {[%emt 0:04:30]} Nc6 {[%emt 0:00:30]} 8. Ne2 {[%emt 0:02:30]} Be7 {[%emt 0:00:30]} 9. Be3 {[%emt 0:03:30]} e5 {[%emt 0:03:30]} 10. h3 $11 {[%emt 0:07:30] [%clk 1:10]} Be6 {[%emt 0:04:30]} 11. Qd2 {[%emt 0:05:30]} Qd7 {[%emt 0:01:30]} 12. f4 {[%emt 0:07:30]} O-O {[%emt 0:20:30]} 13. fxe5 {[%emt 0:08:30]} Nxe5 {[%emt 0:00:30]} 14. Nf4 {[%emt 0:00:00]} Rad8 {[%emt 0:05:30]} 15. Qg2 {[%emt 0:07:00]} b6 {[%emt 0:05:30]} 16. O-O {[%emt 0:02:30]} f5 {[%emt 0:04:30]} 17. Bb7 {[%emt 0:02:30]} Bf7 {[%emt 0:00:30]} 18. c4 {[%emt 0:31:41]} Bg5 {[%emt 0:09:30]} 19. b3 {[%emt 0:05:37]} Rfe8 {[%emt 0:12:30]} 20. Bf2 {[%emt 0:02:50]} Re7 {[%emt 0:04:30]} 21. Bd5 {[%emt 0:00:30]} Bxf4 {[%emt 0:00:30]} 22. gxf4 {[%emt 0:01:16]} Bxd5 {[%emt 0:01:30]} 23. cxd5 {[%emt 0:00:31]} Ng6 {[%emt 0:00:30]} 24. d4 {[%emt 0:00:32]} cxd4 {[%emt 0:01:41]} 25. Bxd4 {[%emt 0:00:30]} Qxd5 {[%emt 0:00:19]} 26. Qxd5+ {[%emt 0:00:28]} Rxd5 {[%emt 0:00:30]} 27. Bf2 {[%emt 0:00:28]} Nxf4 {[%emt 0:00:30]} 28. Bh4 {[%emt 0:00:30]} Re4 {[%emt 0:00:00]} 0-1

[Event "Turkey IS Bank Super League 2017"]
[Site "Darica-Kocaeli"]
[Date "2017.07.27"]
[Round "2.15"]
[White "Unat, Can Haktan"]
[Black "Kamer, Kayra"]
[Result "1/2-1/2"]
[WhiteElo "2006"]
[BlackElo "2062"]
[Annotator "NA"]
[PlyCount "245"]
[EventType "team-tourn"]
[EventCountry "TUR"]
[SourceTitle "playchess.com"]
[Source "ChessBase"]
[SourceQuality "1"]
[TimeControl "40/5400+30:1800+30"]

1. e4 {[%emt 0:00:30]} c5 {[%emt 0:01:00]} 2. Nf3 {[%emt 0:00:30]} e6 {[%emt 0:00:30]} 3. d4 {[%emt 0:00:30]} cxd4 {[%emt 0:00:30]} 4. Nxd4 {[%emt 0:00:30]} a6 {[%emt 0:00:30]} 5. c4 {[%emt 0:00:00]} Nf6 {[%emt 0:00:00]} 6. Nc3 {[%emt 0:00:00]} Qc7 $14 {[%emt 0:01:00]} 7. Be2 {[%emt 0:00:00]} Nc6 {[%emt 0:01:30]} 8. Be3 {[%emt 0:04:00]} Bb4 {[%emt 0:00:30]} 9. O-O {[%emt 0:00:30]} Bxc3 {[%emt 0:00:30]} 10. bxc3 {[%emt 0:00:30]} Nxe4 {[%emt 0:00:30]} 11. Bf3 {[%emt 0:01:30]} Nf6 {[%emt 0:10:30]} 12. Nxc6 {[%emt 0:00:00]} bxc6 {[%emt 0:02:30]} 13. Bc5 {[%emt 0:00:00]} d5 {[%emt 0:00:30]} 14. Re1 {[%emt 0:01:30] [%clk 1:27]} Bb7 {[%emt 0:09:30]} 15. Rb1 {[%emt 0:00:30]} Nd7 {[%emt 0:06:30]} 16. Ba3 {[%emt 0:00:00]} O-O-O {[%emt 0:02:30]} 17. cxd5 {[%emt 0:00:00]} cxd5 {[%emt 0:07:30]} 18. c4 {[%emt 0:00:30]} Ne5 {[%emt 0:01:30]} 19. cxd5 {[%emt 0:00:30]} Bxd5 {[%emt 0:13:30]} 20. Bxd5 {[%emt 0:08:30]} Rxd5 {[%emt 0:09:30]} 21. Qa4 {[%emt 0:01:30]} Ra5 {[%emt 0:00:30]} 22. Qe4 {[%emt 0:00:30]} Rxa3 {[%emt 0:00:30]} 23. Qa8+ {[%emt 0:00:30]} Kd7 {[%emt 0:00:00]} 24. Rbd1+ {[%emt 0:04:30]} Ke7 {[%emt 0:01:00]} 25. Qxh8 {[%emt 0:00:00]} Ng4 {[%emt 0:03:30]} 26. Qxh7 {[%emt 0:00:00]} Rxa2 {[%emt 0:03:30]} 27. Qh4+ {[%emt 0:00:30]} Nf6 {[%emt 0:00:30]} 28. Qb4+ {[%emt 0:00:00]} Ke8 {[%emt 0:00:00]} 29. Rc1 {[%emt 0:00:00]} Qa7 {[%emt 0:00:00]} 30. Qf4 {[%emt 0:03:30]} Nd5 {[%emt 0:01:30]} 31. Qf3 {[%emt 0:00:00]} Rd2 {[%emt 0:03:30]} 32. Rc8+ {[%emt 0:03:00]} Ke7 {[%emt 0:00:30]} 33. Qg3 {[%emt 0:00:30]} Qd4 {[%emt 0:00:30]} 34. Qa3+ {[%emt 0:02:30]} Kf6 {[%emt 0:00:30]} 35. Qf3+ {[%emt 0:01:30]} Qf4 {[%emt 0:01:30]} 36. Qxf4+ {[%emt 0:04:30]} Nxf4 {[%emt 0:00:30]} 37. h3 {[%emt 0:00:30]} Nd3 {[%emt 0:00:30]} 38. Re3 {[%emt 0:00:30]} Ne5 {[%emt 0:00:30]} 39. Rc5 {[%emt 0:00:30]} Nd7 {[%emt 0:00:30]} 40. Ra5 {[%emt 0:00:30]} Rd6 {[%emt 0:30:30]} 41. Rea3 {[%emt 0:30:30]} Nb8 {[%emt 0:00:30]} 42. Rb3 {[%emt 0:00:30]} Nd7 {[%emt 0:00:30]} 43. Rb7 {[%emt 0:00:30]} Ne5 {[%emt 0:00:00]} 44. Kh2 {[%emt 0:00:00]} Rd2 {[%emt 0:00:00]} 45. Kg3 {[%emt 0:00:00]} Nd3 {[%emt 0:00:00]} 46. Rb3 {[%emt 0:00:00]} Kg6 {[%emt 0:00:00]} 47. Rb1 {[%emt 0:00:00]} Nxf2 {[%emt 0:00:00]} 48. Rxa6 {[%emt 0:00:00]} Ne4+ {[%emt 0:00:00]} 49. Kh2 {[%emt 0:00:00]} Re2 {[%emt 0:00:00]} 50. Rf1 {[%emt 0:00:00]} Nd2 {[%emt 0:00:00]} 51. Rf4 {[%emt 0:00:00]} f5 {[%emt 0:00:00]} 52. Ra7 {[%emt 0:00:00]} e5 {[%emt 0:00:00]} 53. Ra6+ {[%emt 0:01:00]} Kg5 {[%emt 0:00:00]} 54. Rb4 {[%emt 0:00:30]} Nf3+ {[%emt 0:00:00]} 55. Kg3 {[%emt 0:00:30]} Ne1 {[%emt 0:00:00]} 56. h4+ {[%emt 0:00:30]} Kh5 {[%emt 0:00:00]} 57. Rb8 {[%emt 0:00:00]} Rxg2+ {[%emt 0:00:00]} 58. Kh3 {[%emt 0:00:00]} Rg6 {[%emt 0:00:00]} 59. Rh8+ {[%emt 0:00:00]} Rh6 {[%emt 0:00:00]} 60. Rhxh6+ {[%emt 0:00:00]} gxh6 {[%emt 0:00:00]} 61. Rf6 {[%emt 0:00:00]} Nd3 {[%emt 0:00:00]} 62. Rxf5+ {[%emt 0:00:00]} Kg6 {[%emt 0:00:00]} 63. Rf8 {[%emt 0:00:00]} Nf4+ {[%emt 0:00:00]} 64. Kg4 {[%emt 0:00:00]} h5+ {[%emt 0:00:00]} 65. Kf3 {[%emt 0:00:30]} Ne6 {[%emt 0:00:00]} 66. Rh8 {[%emt 0:00:30]} Nd4+ {[%emt 0:00:00]} 67. Ke4 {[%emt 0:00:00]} Nf5 {[%emt 0:00:00]} 68. Rg8+ {[%emt 0:03:00]} Kf7 {[%emt 0:00:00]} 69. Rg5 {[%emt 0:00:30]} Nxh4 {[%emt 0:00:00]} 70. Rxh5 {[%emt 0:00:30]} Ng6 {[%emt 0:00:00]} 71. Kf5 {[%emt 0:00:30]} Ne7+ {[%emt 0:00:00]} 72. Kxe5 {[%emt 0:00:30]} Ng6+ {[%emt 0:00:00]} 73. Kf5 {[%emt 0:00:00]} Ne7+ {[%emt 0:00:00]} 74. Kf4 {[%emt 0:00:00]} Kf6 {[%emt 0:00:00]} 75. Rh6+ {[%emt 0:00:30]} Ng6+ {[%emt 0:00:00]} 76. Kg4 {[%emt 0:00:00]} Kf7 {[%emt 0:00:00]} 77. Kg5 {[%emt 0:00:00]} Ne7 {[%emt 0:00:00]} 78. Rd6 {[%emt 0:00:00]} Ng8 {[%emt 0:00:00]} 79. Ra6 {[%emt 0:01:00]} Ne7 {[%emt 0:00:00]} 80. Rf6+ {[%emt 0:01:30]} Ke8 {[%emt 0:00:00]} 81. Rh6 {[%emt 0:00:30]} Kd7 {[%emt 0:00:00]} 82. Kf4 {[%emt 0:00:30]} Nc6 {[%emt 0:00:00]} 83. Ke4 {[%emt 0:00:00]} Ne7 {[%emt 0:00:00]} 84. Ke5 {[%emt 0:00:00]} Nc6+ {[%emt 0:00:00]} 85. Kd5 {[%emt 0:00:30]} Ne7+ {[%emt 0:00:00]} 86. Kc5 {[%emt 0:00:00]} Nf5 {[%emt 0:00:00]} 87. Rf6 {[%emt 0:00:00]} Ne7 {[%emt 0:00:00]} 88. Rd6+ {[%emt 0:00:30]} Ke8 {[%emt 0:00:00]} 89. Rd1 {[%emt 0:00:30]} Kf7 {[%emt 0:00:00]} 90. Kd6 {[%emt 0:00:00]} Ng6 {[%emt 0:00:00]} 91. Rf1+ {[%emt 0:00:00]} Kg7 {[%emt 0:00:00]} 92. Kd5 {[%emt 0:00:30]} Ne7+ {[%emt 0:00:00]} 93. Ke6 {[%emt 0:00:00]} Ng6 {[%emt 0:00:00]} 94. Rg1 {[%emt 0:00:00]} Kh6 {[%emt 0:00:00]} 95. Kf6 {[%emt 0:00:30]} Nh4 {[%emt 0:00:00]} 96. Rg5 {[%emt 0:01:30]} Nf3 {[%emt 0:00:00]} 97. Rg3 {[%emt 0:04:30]} Nh4 {[%emt 0:00:00]} 98. Rg8 {[%emt 0:04:30]} Kh5 {[%emt 0:00:00]} 99. Rg5+ {[%emt 0:00:30]} Kh6 {[%emt 0:00:00]} 100. Ra5 {[%emt 0:00:30]} Nf3 {[%emt 0:00:00]} 101. Kf5 {[%emt 0:00:30]} Nh4+ {[%emt 0:00:30]} 102. Kg4 {[%emt 0:00:30]} Ng6 {[%emt 0:00:30]} 103. Ra7 {[%emt 0:00:00]} Ne5+ {[%emt 0:00:30]} 104. Kf5 {[%emt 0:00:00]} Nf3 {[%emt 0:00:30]} 105. Ra4 {[%emt 0:00:30]} Kh5 {[%emt 0:00:30]} 106. Kf4 {[%emt 0:00:00]} Nh4 {[%emt 0:00:30]} 107. Ra5+ {[%emt 0:00:00]} Kh6 {[%emt 0:00:30]} 108. Rg5 {[%emt 0:00:30]} Ng6+ {[%emt 0:00:30]} 109. Kf5 {[%emt 0:00:00]} Nh4+ {[%emt 0:00:30]} 110. Kf6 {[%emt 0:00:00]} Nf3 {[%emt 0:00:00]} 111. Rd5 {[%emt 0:00:30]} Nh4 {[%emt 0:00:00]} 112. Rd8 {[%emt 0:00:30]} Kh5 {[%emt 0:00:30]} 113. Rg8 {[%emt 0:00:00]} Nf3 {[%emt 0:00:30]} 114. Kf5 {[%emt 0:00:00]} Nh4+ {[%emt 0:00:30]} 115. Ke4 {[%emt 0:00:30]} Ng6 {[%emt 0:00:00]} 116. Rd8 {[%emt 0:00:30]} Kg5 {[%emt 0:00:00]} 117. Rd5+ {[%emt 0:00:30]} Kf6 {[%emt 0:00:30]} 118. Rd6+ {[%emt 0:00:30]} Kg5 {[%emt 0:00:30]} 119. Re6 {[%emt 0:00:00]} Nf8 {[%emt 0:00:00]} 120. Re5+ {[%emt 0:00:00]} Kf6 {[%emt 0:00:00]} 121. Rf5+ {[%emt 0:00:00]} Ke7 {[%emt 0:00:30]} 122. Kd5 {[%emt 0:00:00]} Nd7 {[%emt 0:00:30]} 123. Rg5 {[%emt 0:00:00]} 1/2-1/2